[Event "29th Czech Open-Rapid 2018"]
[Site "Pardubice"]
[Date "2018.07.19"]
[Round "5"]
[White "Brejnik, Gustav"]
[Black "Balint, Vilmos"]
[Result "0-1"]
[WhiteElo "1951"]
[BlackElo "2226"]
[Annotator "NA"]
[PlyCount "94"]
[EventDate "2018.07.18"]
[EventType "swiss"]
[EventCountry "CZE"]
[SourceTitle "playchess.com"]
[Source "ChessBase"]
[SourceQuality "1"]
[TimeControl "900+10"]

1. d4 {[%emt 0:00:00]} e6 {[%emt 0:00:00]} 2. c4 {[%emt 0:00:00]} b6 {[%emt 0:00:00]} 3. e4 {[%emt 0:00:03]} Bb4+ {[%emt 0:00:07]} 4. Bd2 {[%emt 0:00:06]} Bxd2+ {[%emt 0:00:08]} 5. Qxd2 {[%emt 0:00:07]} Bb7 {[%emt 0:00:04]} 6. Nc3 {[%emt 0:00:01]} d5 {[%emt 0:00:29]} 7. cxd5 {[%emt 0:03:19]} exd5 {[%emt 0:00:02]} 8. exd5 {[%emt 0:00:01]} a6 {[%emt 0:01:05]} 9. Bc4 {[%emt 0:00:16]} Ne7 {[%emt 0:00:02]} 10. Nf3 {[%emt 0:00:32]} O-O {[%emt 0:00:04]} 11. O-O {[%emt 0:00:02]} Nxd5 {[%emt 0:00:42]} 12. Nxd5 {[%emt 0:00:43]} Bxd5 {[%emt 0:00:02]} 13. Bxd5 {[%emt 0:00:01]} Qxd5 {[%emt 0:00:01]} 14. Qc3 {[%emt 0:00:09]} Rc8 {[%emt 0:00:57]} 15. Rfe1 {[%emt 0:00:27]} Nd7 {[%emt 0:00:09]} 16. b3 {[%emt 0:00:28]} Nf8 {[%emt 0:00:53]} 17. Re5 {[%emt 0:00:32]} Qd6 {[%emt 0:00:08]} 18. Rae1 {[%emt 0:01:05]} Ng6 {[%emt 0:00:22]} 19. R5e4 {[%emt 0:00:22]} Rd8 {[%emt 0:00:18]} 20. g3 {[%emt 0:00:55]} h6 {[%emt 0:01:30]} 21. Kg2 {[%emt 0:00:19]} Rac8 {[%emt 0:00:17]} 22. Qc4 {[%emt 0:00:16]} a5 {[%emt 0:00:21]} 23. h4 {[%emt 0:00:19]} c5 24. dxc5 {[%emt 0:01:33]} Rxc5 {[%emt 0:02:37]} 25. Re8+ {[%emt 0:00:06]} Rxe8 {[%emt 0:00:12]} 26. Rxe8+ {[%emt 0:00:01]} Nf8 {[%emt 0:00:00]} 27. Qe4 {[%emt 0:00:16]} Rc1 {[%emt 0:01:05]} 28. Nd4 {[%emt 0:01:23]} g6 {[%emt 0:00:42]} 29. h5 {[%emt 0:01:35]} Rd1 {[%emt 0:00:08]} 30. Ne2 {[%emt 0:01:05]} g5 {[%emt 0:01:23]} 31. g4 {[%emt 0:00:37]} Rd2 {[%emt 0:00:35]} 32. Ng3 {[%emt 0:00:07]} Qc5 {[%emt 0:00:07]} 33. Qf3 {[%emt 0:00:39]} Rxa2 {[%emt 0:00:53]} 34. Ne4 {[%emt 0:00:53]} Qd4 {[%emt 0:00:40]} 35. Qf5 {[%emt 0:00:30]} Ra1 {[%emt 0:01:58]} 36. Nf6+ {[%emt 0:00:10]} Kg7 37. Qf3 {[%emt 0:01:17]} Ra2 {[%emt 0:00:30]} 38. Nd5 {[%emt 0:00:36]} Ne6 {[%emt 0:00:55]} 39. Re7 {[%emt 0:00:01]} Rxf2+ {[%emt 0:00:40]} 40. Qxf2 {[%emt 0:00:07]} Qxd5+ {[%emt 0:00:02]} 41. Qf3 {[%emt 0:00:13]} Nf4+ {[%emt 0:00:01]} 42. Kg3 {[%emt 0:00:19]} Nxh5+ {[%emt 0:00:13]} 43. gxh5 {[%emt 0:00:26]} Qd6+ {[%emt 0:00:01]} 44. Kh3 {[%emt 0:00:02]} Qxe7 {[%emt 0:00:01]} 45. Qc3+ {[%emt 0:00:02]} Qf6 {[%emt 0:00:01]} 46. Qd3 {[%emt 0:00:06]} Qe5 {[%emt 0:00:10]} 47. Qc4 {[%emt 0:00:13]} Qe6+ {[%emt 0:00:01]} 0-1

[Event "29th Czech Open-Rapid 2018"]
[Site "Pardubice"]
[Date "2018.07.19"]
[Round "5"]
[White "Barak, Gil"]
[Black "Kutynec, Vladimir"]
[Result "1-0"]
[WhiteElo "1946"]
[BlackElo "2134"]
[Annotator "NA"]
[PlyCount "77"]
[EventDate "2018.07.18"]
[EventType "swiss"]
[EventCountry "CZE"]
[SourceTitle "playchess.com"]
[Source "ChessBase"]
[SourceQuality "1"]
[TimeControl "900+10"]

1. e4 {[%emt 0:00:00]} c5 {[%emt 0:00:00]} 2. Nf3 {[%emt 0:00:00]} Nc6 {[%emt 0:00:00]} 3. d4 {[%emt 0:00:00]} cxd4 {[%emt 0:00:00]} 4. Nxd4 {[%emt 0:00:00]} g6 {[%emt 0:00:00]} 5. Nc3 {[%emt 0:00:00]} Bg7 {[%emt 0:00:00]} 6. Be3 {[%emt 0:00:00]} Nf6 {[%emt 0:00:00]} 7. Nxc6 {[%emt 0:00:00]} dxc6 {[%emt 0:00:12]} 8. Qxd8+ {[%emt 0:00:33]} Kxd8 {[%emt 0:00:02]} 9. O-O-O+ {[%emt 0:00:27]} Nd7 {[%emt 0:00:10]} 10. Bc4 {[%emt 0:01:12]} Ke8 {[%emt 0:09:33]} 11. f4 {[%emt 0:01:56]} Nf8 {[%emt 0:01:55]} 12. Rd2 {[%emt 0:01:20]} Be6 {[%emt 0:01:17]} 13. Bxe6 {[%emt 0:00:47]} fxe6 {[%emt 0:00:03]} 14. Rhd1 {[%emt 0:00:50]} Bh6 {[%emt 0:01:50]} 15. e5 {[%emt 0:05:02]} g5 {[%emt 0:00:17]} 16. fxg5 {[%emt 0:02:09]} Bg7 {[%emt 0:00:01]} 17. Ne4 {[%emt 0:00:52]} Bxe5 {[%emt 0:00:26]} 18. Bd4 {[%emt 0:00:36]} Ng6 {[%emt 0:00:06]} 19. Bxe5 {[%emt 0:00:27]} Nxe5 {[%emt 0:00:02]} 20. Nc5 {[%emt 0:00:07]} Nc4 {[%emt 0:01:42]} 21. Re2 {[%emt 0:00:49]} Rd8 {[%emt 0:00:11]} 22. Rf1 {[%emt 0:00:32]} e5 {[%emt 0:00:07]} 23. b3 {[%emt 0:00:22]} b6 {[%emt 0:00:11]} 24. Ne6 {[%emt 0:00:11]} Nd6 {[%emt 0:00:14]} 25. Nxd8 {[%emt 0:00:08]} Kxd8 {[%emt 0:00:00]} 26. Rxe5 {[%emt 0:00:03]} Rg8 {[%emt 0:00:06]} 27. Rfe1 {[%emt 0:00:17]} Rg7 {[%emt 0:00:02]} 28. h4 {[%emt 0:00:06]} c5 {[%emt 0:00:18]} 29. Rf1 {[%emt 0:00:11]} Kd7 {[%emt 0:00:09]} 30. Rf8 {[%emt 0:00:22]} Nb5 {[%emt 0:00:13]} 31. Rd5+ {[%emt 0:00:28]} Kc6 {[%emt 0:00:09]} 32. Rd3 {[%emt 0:00:12]} a5 {[%emt 0:00:17]} 33. a4 {[%emt 0:00:11]} Nd6 {[%emt 0:00:02]} 34. Re3 {[%emt 0:00:15]} Kd7 {[%emt 0:00:14]} 35. Kb2 {[%emt 0:00:07]} c4 {[%emt 0:00:24]} 36. Rc3 {[%emt 0:00:08]} cxb3 {[%emt 0:00:03]} 37. cxb3 {[%emt 0:00:07]} e5 {[%emt 0:00:02]} 38. Rb8 {[%emt 0:00:12]} Ne4 {[%emt 0:00:38]} 39. Rb7+ {[%emt 0:00:03]} 1-0

[Event "29th Czech Open-Rapid 2018"]
[Site "Pardubice"]
[Date "2018.07.19"]
[Round "5"]
[White "Gschwendtner, Stanislav"]
[Black "Effenberger, Adam"]
[Result "1/2-1/2"]
[WhiteElo "1940"]
[BlackElo "1784"]
[Annotator "NA"]
[PlyCount "112"]
[EventDate "2018.07.18"]
[EventType "swiss"]
[EventCountry "CZE"]
[SourceTitle "playchess.com"]
[Source "ChessBase"]
[SourceQuality "1"]
[TimeControl "900+10"]

1. Nf3 {[%emt 0:00:00]} c5 {[%emt 0:00:01]} 2. c4 {[%emt 0:00:03]} g6 {[%emt 0:00:04]} 3. Nc3 {[%emt 0:00:06]} Bg7 {[%emt 0:00:04]} 4. g3 {[%emt 0:00:04]} Nc6 {[%emt 0:00:05]} 5. Bg2 {[%emt 0:00:03]} d6 {[%emt 0:00:04]} 6. O-O {[%emt 0:00:07]} Qd7 {[%emt 0:00:01]} 7. b3 {[%emt 0:00:13]} b6 {[%emt 0:00:06]} 8. Bb2 {[%emt 0:00:04]} Bb7 {[%emt 0:00:17]} 9. e3 {[%emt 0:00:04]} e6 {[%emt 0:00:27]} 10. d4 {[%emt 0:00:06]} Nge7 {[%emt 0:00:19]} 11. d5 {[%emt 0:00:20]} exd5 {[%emt 0:00:38]} 12. cxd5 {[%emt 0:00:06]} Ne5 {[%emt 0:00:21]} 13. Nxe5 {[%emt 0:00:04]} Bxe5 {[%emt 0:00:18]} 14. f4 {[%emt 0:00:03]} Bg7 {[%emt 0:00:16]} 15. e4 {[%emt 0:00:03]} O-O-O {[%emt 0:00:29]} 16. Rc1 {[%emt 0:00:34]} f5 {[%emt 0:00:30]} 17. e5 {[%emt 0:02:12]} dxe5 {[%emt 0:00:17]} 18. d6 {[%emt 0:00:20]} Bxg2 {[%emt 0:03:03]} 19. Kxg2 {[%emt 0:00:10]} Qxd6 {[%emt 0:00:13]} 20. Qxd6 {[%emt 0:00:09]} Rxd6 {[%emt 0:00:01]} 21. Nb5 {[%emt 0:00:06]} Rd2+ {[%emt 0:00:10]} 22. Rf2 {[%emt 0:00:02]} Rxf2+ {[%emt 0:01:28]} 23. Kxf2 {[%emt 0:00:02]} Nc6 {[%emt 0:00:08]} 24. fxe5 {[%emt 0:00:17]} Bxe5 {[%emt 0:00:12]} 25. Nxa7+ {[%emt 0:00:15]} Kb7 {[%emt 0:01:01]} 26. Nxc6 {[%emt 0:03:05]} Bxb2 {[%emt 0:00:06]} 27. Rc2 {[%emt 0:00:01]} Bf6 {[%emt 0:01:12]} 28. Re2 {[%emt 0:00:06]} Kxc6 {[%emt 0:01:28]} 29. Re6+ {[%emt 0:00:01]} Kb5 {[%emt 0:00:01]} 30. Rxf6 {[%emt 0:00:02]} Ra8 {[%emt 0:01:38]} 31. a4+ {[%emt 0:00:02]} Ka6 {[%emt 0:00:31]} 32. h4 {[%emt 0:00:11]} Ra7 {[%emt 0:00:04]} 33. Ke3 {[%emt 0:00:05]} Rd7 {[%emt 0:00:13]} 34. h5 {[%emt 0:00:10]} gxh5 {[%emt 0:01:35]} 35. Rxf5 {[%emt 0:00:01]} Rg7 {[%emt 0:00:02]} 36. Kf3 {[%emt 0:00:09]} Ka5 {[%emt 0:00:23]} 37. Rf6 {[%emt 0:00:01]} Rg6 {[%emt 0:01:44]} 38. Rf4 {[%emt 0:00:44]} Rg4 {[%emt 0:00:15]} 39. Rf8 {[%emt 0:00:28]} Kb4 {[%emt 0:00:22]} 40. Rb8 {[%emt 0:00:10]} Rg6 {[%emt 0:01:10]} 41. Rb7 {[%emt 0:00:03]} h6 {[%emt 0:00:06]} 42. Kf4 {[%emt 0:00:14]} Kxb3 {[%emt 0:00:17]} 43. a5 {[%emt 0:00:01]} Ka4 {[%emt 0:00:17]} 44. a6 {[%emt 0:00:20]} Rg8 {[%emt 0:00:09]} 45. Rxb6 {[%emt 0:00:06]} Ka5 {[%emt 0:00:06]} 46. Rc6 {[%emt 0:00:02]} Kb5 {[%emt 0:00:04]} 47. Rxh6 {[%emt 0:00:02]} c4 {[%emt 0:00:04]} 48. a7 {[%emt 0:00:13]} Ra8 {[%emt 0:00:03]} 49. Rh7 {[%emt 0:00:04]} c3 {[%emt 0:00:04]} 50. Rc7 {[%emt 0:00:01]} Kb4 {[%emt 0:00:01]} 51. Kg5 {[%emt 0:00:09]} Kb3 {[%emt 0:00:01]} 52. Kxh5 {[%emt 0:00:03]} c2 {[%emt 0:00:01]} 53. g4 {[%emt 0:00:13]} Kb2 {[%emt 0:00:02]} 54. Rb7+ {[%emt 0:00:04]} Ka2 {[%emt 0:00:02]} 55. Rc7 {[%emt 0:00:02]} Kb2 {[%emt 0:00:00]} 56. Rb7+ {[%emt 0:00:55]} Ka2 {[%emt 0:00:02]} 1/2-1/2

[Event "29th Czech Open-Rapid 2018"]
[Site "Pardubice"]
[Date "2018.07.19"]
[Round "5"]
[White "Mlcak, Viktor"]
[Black "Zdechovsky, Tobias"]
[Result "0-1"]
[WhiteElo "1881"]
[BlackElo "1675"]
[Annotator "NA"]
[PlyCount "60"]
[EventDate "2018.07.18"]
[EventType "swiss"]
[EventCountry "CZE"]
[SourceTitle "playchess.com"]
[Source "ChessBase"]
[SourceQuality "1"]
[TimeControl "900+10"]

1. e4 {[%emt 0:00:00]} c5 {[%emt 0:00:00]} 2. a3 {[%emt 0:00:00]} Nc6 {[%emt 0:00:00]} 3. b4 {[%emt 0:00:00]} a6 {[%emt 0:01:11]} 4. bxc5 {[%emt 0:00:07]} e5 {[%emt 0:00:01]} 5. c3 {[%emt 0:00:48]} Bxc5 {[%emt 0:00:12]} 6. Nf3 {[%emt 0:00:02]} Qb6 {[%emt 0:00:35]} 7. Qe2 {[%emt 0:00:54]} d6 {[%emt 0:01:00]} 8. d3 {[%emt 0:00:53]} Nf6 {[%emt 0:00:02]} 9. Nbd2 {[%emt 0:01:22]} Ng4 {[%emt 0:00:27]} 10. d4 {[%emt 0:01:45]} exd4 {[%emt 0:00:08]} 11. Rb1 {[%emt 0:02:30]} d3 {[%emt 0:06:26]} 12. Qxd3 {[%emt 0:03:04]} Bxf2+ {[%emt 0:00:05]} 13. Ke2 {[%emt 0:02:41]} Qe3+ {[%emt 0:00:25]} 14. Qxe3 {[%emt 0:00:04]} Bxe3 {[%emt 0:00:03]} 15. Nc4 {[%emt 0:00:34]} Bxc1 {[%emt 0:00:03]} 16. Rxc1 {[%emt 0:00:12]} Ke7 {[%emt 0:00:24]} 17. Rd1 {[%emt 0:01:01]} Rd8 {[%emt 0:00:02]} 18. h3 {[%emt 0:00:13]} Nge5 {[%emt 0:00:02]} 19. Nb6 {[%emt 0:00:08]} Rb8 {[%emt 0:00:16]} 20. Nd5+ {[%emt 0:00:02]} Kf8 {[%emt 0:00:24]} 21. Nd4 {[%emt 0:00:20]} Nxd4+ {[%emt 0:00:20]} 22. cxd4 {[%emt 0:00:27]} Nc4 {[%emt 0:00:27]} 23. Rd3 {[%emt 0:00:24]} b5 {[%emt 0:00:14]} 24. Kf2 {[%emt 0:00:32]} Bb7 {[%emt 0:00:35]} 25. Nc3 {[%emt 0:00:36]} Nxa3 {[%emt 0:00:23]} 26. Be2 {[%emt 0:00:01]} b4 {[%emt 0:00:17]} 27. Ra1 {[%emt 0:00:17]} Nc4 {[%emt 0:01:33]} 28. Rg3 {[%emt 0:00:01]} Nd2 {[%emt 0:00:39]} 29. Rd1 {[%emt 0:00:27]} bxc3 {[%emt 0:00:05]} 30. Rxc3 {[%emt 0:00:02]} Nxe4+ {[%emt 0:00:01]} 0-1

[Event "29th Czech Open-Rapid 2018"]
[Site "Pardubice"]
[Date "2018.07.19"]
[Round "5"]
[White "Trost, Martin"]
[Black "Illetsko, Jaroslav"]
[Result "0-1"]
[WhiteElo "1844"]
[BlackElo "2177"]
[Annotator "NA"]
[PlyCount "86"]
[EventDate "2018.07.18"]
[EventType "swiss"]
[EventCountry "CZE"]
[SourceTitle "playchess.com"]
[Source "ChessBase"]
[SourceQuality "1"]
[TimeControl "900+10"]

1. e4 {[%emt 0:00:00]} g6 {[%emt 0:00:00]} 2. d4 {[%emt 0:00:00]} Bg7 {[%emt 0:00:00]} 3. c4 {[%emt 0:00:13]} d6 {[%emt 0:00:13]} 4. Nc3 {[%emt 0:00:03]} Nf6 {[%emt 0:00:05]} 5. Bd3 {[%emt 0:00:59]} e5 {[%emt 0:00:18]} 6. d5 {[%emt 0:00:12]} a5 {[%emt 0:00:12]} 7. Nge2 {[%emt 0:00:42]} Na6 {[%emt 0:00:19]} 8. b3 {[%emt 0:00:42]} Nc5 {[%emt 0:01:06]} 9. f3 {[%emt 0:00:26]} Nh5 {[%emt 0:01:25]} 10. O-O {[%emt 0:01:23]} O-O {[%emt 0:00:50]} 11. Bc2 {[%emt 0:02:20]} Nf4 {[%emt 0:02:23]} 12. Be3 {[%emt 0:01:11]} Qg5 {[%emt 0:00:50]} 13. Nxf4 {[%emt 0:00:11]} exf4 {[%emt 0:00:06]} 14. Bd4 {[%emt 0:00:01]} Be5 {[%emt 0:00:30]} 15. Bxe5 {[%emt 0:02:18]} Qxe5 {[%emt 0:00:10]} 16. Ne2 {[%emt 0:00:06]} Bd7 {[%emt 0:00:55]} 17. Qd4 {[%emt 0:00:48]} f6 {[%emt 0:00:49]} 18. Qxe5 {[%emt 0:01:09]} fxe5 {[%emt 0:00:03]} 19. Nc3 {[%emt 0:00:02]} g5 {[%emt 0:01:20]} 20. a3 {[%emt 0:00:22]} Rf7 {[%emt 0:01:11]} 21. b4 {[%emt 0:02:07]} Na6 {[%emt 0:00:18]} 22. Rfb1 {[%emt 0:00:35]} b6 {[%emt 0:00:30]} 23. Ba4 {[%emt 0:01:45]} Bxa4 {[%emt 0:00:37]} 24. Nxa4 {[%emt 0:00:01]} h5 {[%emt 0:01:03]} 25. bxa5 {[%emt 0:00:37]} bxa5 {[%emt 0:00:03]} 26. Rb7 {[%emt 0:00:07]} g4 {[%emt 0:00:22]} 27. Kf2 {[%emt 0:00:26]} Kh7 {[%emt 0:00:34]} 28. c5 {[%emt 0:00:38]} Rg7 {[%emt 0:00:24]} 29. cxd6 cxd6 {[%emt 0:00:02]} 30. Rab1 {[%emt 0:00:19]} Rc8 {[%emt 0:00:32]} 31. Rxg7+ {[%emt 0:00:13]} Kxg7 {[%emt 0:00:01]} 32. Rb7+ {[%emt 0:00:01]} Kg8 {[%emt 0:01:01]} 33. Rb6 {[%emt 0:00:19]} Rc2+ {[%emt 0:00:14]} 34. Kg1 {[%emt 0:00:09]} g3 {[%emt 0:00:33]} 35. Rc6 {[%emt 0:00:11]} Nc5 {[%emt 0:00:31]} 36. hxg3 {[%emt 0:00:06]} fxg3 {[%emt 0:00:02]} 37. Kf1 {[%emt 0:00:02]} Rf2+ {[%emt 0:00:08]} 38. Kg1 {[%emt 0:00:10]} Nd3 {[%emt 0:00:39]} 39. Rxd6 {[%emt 0:00:25]} Nf4 {[%emt 0:00:03]} 40. Rd8+ {[%emt 0:00:09]} Kf7 {[%emt 0:00:02]} 41. Rd7+ {[%emt 0:00:09]} Ke8 {[%emt 0:00:02]} 42. Rg7 {[%emt 0:00:05]} Ne2+ {[%emt 0:00:03]} 43. Kh1 {[%emt 0:00:02]} Rf1# 0-1

[Event "29th Czech Open-Rapid 2018"]
[Site "Pardubice"]
[Date "2018.07.19"]
[Round "5"]
[White "Priyanka, Nutakki"]
[Black "Gabr, Mohsen"]
[Result "1-0"]
[WhiteElo "1839"]
[BlackElo "2181"]
[Annotator "NA"]
[PlyCount "101"]
[EventDate "2018.07.18"]
[EventType "swiss"]
[EventCountry "CZE"]
[SourceTitle "playchess.com"]
[Source "ChessBase"]
[SourceQuality "1"]
[TimeControl "900+10"]

1. d4 {[%emt 0:00:00]} g6 {[%emt 0:00:00]} 2. e4 {[%emt 0:00:01]} Bg7 {[%emt 0:00:00]} 3. Nc3 {[%emt 0:00:01]} c5 {[%emt 0:00:00]} 4. d5 {[%emt 0:00:22]} d6 {[%emt 0:00:01]} 5. Bb5+ {[%emt 0:00:45]} Nd7 {[%emt 0:00:02]} 6. a4 {[%emt 0:00:07]} Ngf6 {[%emt 0:00:01]} 7. Nf3 {[%emt 0:01:06]} O-O {[%emt 0:00:01]} 8. h3 {[%emt 0:00:18]} Ne8 {[%emt 0:00:07]} 9. O-O {[%emt 0:00:27]} Nc7 {[%emt 0:00:03]} 10. Be2 {[%emt 0:00:21]} Rb8 {[%emt 0:00:08]} 11. Nb5 {[%emt 0:03:50]} a6 {[%emt 0:00:12]} 12. Nxc7 {[%emt 0:00:02]} Qxc7 {[%emt 0:00:01]} 13. a5 {[%emt 0:00:01]} Nf6 {[%emt 0:00:17]} 14. Nd2 {[%emt 0:00:26]} e6 {[%emt 0:00:08]} 15. Bf3 {[%emt 0:00:35]} exd5 {[%emt 0:00:03]} 16. exd5 {[%emt 0:00:02]} c4 {[%emt 0:00:58]} 17. Ra3 {[%emt 0:02:53]} Bd7 {[%emt 0:00:36]} 18. Nb1 {[%emt 0:00:28]} Bb5 {[%emt 0:00:27]} 19. Nc3 {[%emt 0:00:02]} Nd7 {[%emt 0:00:10]} 20. Bf4 {[%emt 0:01:18]} Rfe8 {[%emt 0:00:25]} 21. Qd2 {[%emt 0:00:39]} Re7 {[%emt 0:00:52]} 22. Nxb5 {[%emt 0:00:20]} axb5 {[%emt 0:00:03]} 23. Qb4 {[%emt 0:00:01]} Be5 {[%emt 0:00:22]} 24. Bxe5 {[%emt 0:00:28]} Nxe5 {[%emt 0:00:01]} 25. Qxb5 {[%emt 0:00:01]} Qd8 {[%emt 0:02:40]} 26. Be2 {[%emt 0:00:17]} Rc7 {[%emt 0:00:13]} 27. f4 {[%emt 0:00:22]} Rc5 {[%emt 0:00:24]} 28. Qb4 {[%emt 0:00:02]} Nd7 {[%emt 0:00:07]} 29. Bxc4 {[%emt 0:00:04]} Nf6 {[%emt 0:00:53]} 30. Rd1 {[%emt 0:00:28]} Nh5 {[%emt 0:00:08]} 31. Be2 {[%emt 0:00:26]} Ng7 {[%emt 0:02:48]} 32. Qd2 {[%emt 0:00:20]} Rbc8 {[%emt 0:00:24]} 33. c4 {[%emt 0:00:05]} Ra8 {[%emt 0:00:36]} 34. b4 {[%emt 0:00:02]} Rc7 {[%emt 0:00:01]} 35. Bd3 {[%emt 0:00:34]} Qf6 {[%emt 0:00:05]} 36. Qf2 {[%emt 0:00:11]} Nh5 {[%emt 0:00:18]} 37. f5 {[%emt 0:00:11]} Qg5 {[%emt 0:00:19]} 38. fxg6 {[%emt 0:00:48]} hxg6 {[%emt 0:00:01]} 39. Bf1 {[%emt 0:00:19]} Re8 {[%emt 0:00:19]} 40. c5 {[%emt 0:00:14]} Rd8 {[%emt 0:00:40]} 41. Rf3 {[%emt 0:01:34]} dxc5 {[%emt 0:02:07]} 42. d6 {[%emt 0:00:01]} Rc6 {[%emt 0:00:11]} 43. Rxf7 {[%emt 0:00:19]} cxb4 {[%emt 0:00:39]} 44. Rxb7 {[%emt 0:00:50]} Nf4 {[%emt 0:00:06]} 45. Qa2+ {[%emt 0:00:08]} Kh8 {[%emt 0:00:41]} 46. Qf7 {[%emt 0:00:34]} Nxh3+ {[%emt 0:01:44]} 47. Kh1 {[%emt 0:00:00]} Nf2+ {[%emt 0:00:54]} 48. Qxf2 {[%emt 0:00:04]} Qh5+ {[%emt 0:01:31]} 49. Kg1 Qc5 50. Rd4 {[%emt 0:00:28]} Qf5 {[%emt 0:00:22]} 51. Qh4+ {[%emt 0:00:08]} 1-0

[Event "29th Czech Open-Rapid 2018"]
[Site "Pardubice"]
[Date "2018.07.19"]
[Round "5"]
[White "Pavlicek, Lukas"]
[Black "Gorbatenko, Alexander"]
[Result "*"]
[WhiteElo "1819"]
[BlackElo "2093"]
[Annotator "NA"]
[PlyCount "51"]
[EventDate "2018.07.18"]
[EventType "swiss"]
[EventCountry "CZE"]
[SourceTitle "playchess.com"]
[Source "ChessBase"]
[SourceQuality "1"]
[TimeControl "900+10"]

1. c4 {[%emt 0:00:00]} e5 {[%emt 0:00:00]} 2. Nc3 {[%emt 0:00:00]} Nf6 {[%emt 0:00:01]} 3. g3 {[%emt 0:00:00]} d5 {[%emt 0:00:03]} 4. cxd5 {[%emt 0:00:00]} Nxd5 {[%emt 0:00:02]} 5. Bg2 {[%emt 0:00:00]} Nb6 {[%emt 0:00:04]} 6. Nf3 {[%emt 0:00:25]} Nc6 {[%emt 0:00:02]} 7. d3 {[%emt 0:00:04]} f6 {[%emt 0:00:15]} 8. O-O {[%emt 0:00:09]} Be6 {[%emt 0:00:01]} 9. Qc2 {[%emt 0:00:20]} Qd7 {[%emt 0:00:05]} 10. a3 {[%emt 0:00:16]} O-O-O {[%emt 0:00:12]} 11. Be3 {[%emt 0:00:17]} Bh3 {[%emt 0:00:05]} 12. b4 {[%emt 0:00:25]} Bxg2 {[%emt 0:00:03]} 13. Kxg2 {[%emt 0:00:02]} h5 {[%emt 0:00:14]} 14. Rfc1 {[%emt 0:00:46]} h4 {[%emt 0:00:13]} 15. Ng1 {[%emt 0:00:53]} hxg3 {[%emt 0:00:07]} 16. fxg3 {[%emt 0:00:07]} f5 {[%emt 0:02:13]} 17. b5 {[%emt 0:00:18]} Nd4 {[%emt 0:00:16]} 18. Bxd4 {[%emt 0:00:15]} exd4 {[%emt 0:00:36]} 19. Nd1 {[%emt 0:00:55]} f4 {[%emt 0:01:01]} 20. a4 {[%emt 0:00:38]} fxg3 {[%emt 0:00:23]} 21. hxg3 {[%emt 0:00:05]} Bd6 {[%emt 0:01:59]} 22. Qd2 {[%emt 0:02:24]} Qg4 {[%emt 0:00:33]} 23. Qe1 {[%emt 0:00:08]} Rdf8 {[%emt 0:00:29]} 24. a5 {[%emt 0:00:49]} Nd5 {[%emt 0:03:17]} 25. Nf3 {[%emt 0:00:57]} Qh3+ {[%emt 0:00:18]} 26. Kg1 {[%emt 0:00:06]} *

[Event "29th Czech Open-Rapid 2018"]
[Site "Pardubice"]
[Date "2018.07.19"]
[Round "5"]
[White "Natarov, Ilya"]
[Black "Roskova, Katerina"]
[Result "1/2-1/2"]
[WhiteElo "1808"]
[BlackElo "1886"]
[Annotator "NA"]
[PlyCount "104"]
[EventDate "2018.07.18"]
[EventType "swiss"]
[EventCountry "CZE"]
[SourceTitle "playchess.com"]
[Source "ChessBase"]
[SourceQuality "1"]
[TimeControl "900+10"]

1. d4 {[%emt 0:00:00]} Nf6 {[%emt 0:00:00]} 2. c4 {[%emt 0:00:00]} g6 {[%emt 0:00:00]} 3. Nc3 {[%emt 0:00:01]} d5 {[%emt 0:00:01]} 4. cxd5 {[%emt 0:00:02]} Nxd5 {[%emt 0:00:02]} 5. e4 {[%emt 0:00:00]} Nxc3 {[%emt 0:00:03]} 6. bxc3 {[%emt 0:00:01]} Bg7 {[%emt 0:00:03]} 7. Nf3 {[%emt 0:00:01]} c5 {[%emt 0:00:10]} 8. Be3 {[%emt 0:00:02]} Nc6 {[%emt 0:00:18]} 9. Rb1 {[%emt 0:01:32]} Qa5 {[%emt 0:00:41]} 10. Qd2 {[%emt 0:00:11]} cxd4 {[%emt 0:00:31]} 11. cxd4 {[%emt 0:00:02]} Qxd2+ {[%emt 0:00:12]} 12. Kxd2 {[%emt 0:00:02]} O-O {[%emt 0:00:13]} 13. Bd3 {[%emt 0:00:36]} Rd8 {[%emt 0:00:13]} 14. d5 {[%emt 0:00:30]} Na5 {[%emt 0:00:44]} 15. Rhc1 {[%emt 0:00:32]} f5 {[%emt 0:01:04]} 16. Ke2 {[%emt 0:01:19]} fxe4 {[%emt 0:00:19]} 17. Bxe4 {[%emt 0:00:02]} Bf5 {[%emt 0:00:06]} 18. Bxf5 {[%emt 0:00:14]} gxf5 {[%emt 0:00:01]} 19. Rb5 {[%emt 0:00:09]} b6 {[%emt 0:00:24]} 20. Rc7 {[%emt 0:00:06]} Bf6 {[%emt 0:00:26]} 21. Bd4 {[%emt 0:01:13]} Kf7 {[%emt 0:00:58]} 22. Ne5+ {[%emt 0:00:14]} Bxe5 {[%emt 0:01:06]} 23. Bxe5 {[%emt 0:00:01]} Rdc8 {[%emt 0:02:49]} 24. d6 {[%emt 0:00:08]} Rxc7 {[%emt 0:00:16]} 25. dxc7 {[%emt 0:00:02]} Rc8 {[%emt 0:00:03]} 26. Kd3 {[%emt 0:01:02]} Ke6 {[%emt 0:00:19]} 27. Bf4 {[%emt 0:00:09]} Nb7 {[%emt 0:02:06]} 28. Re5+ {[%emt 0:00:21]} Kf6 {[%emt 0:00:08]} 29. Rd5 {[%emt 0:00:32]} Nc5+ {[%emt 0:01:09]} 30. Kc4 {[%emt 0:00:26]} Ne6 {[%emt 0:00:11]} 31. Be5+ {[%emt 0:00:04]} Kf7 {[%emt 0:00:02]} 32. Bg3 {[%emt 0:02:14]} f4 {[%emt 0:00:31]} 33. Bxf4 {[%emt 0:00:12]} Nxf4 {[%emt 0:00:07]} 34. Rf5+ {[%emt 0:00:02]} Ke6 {[%emt 0:00:07]} 35. Rxf4 {[%emt 0:00:01]} Rxc7+ {[%emt 0:00:02]} 36. Kd3 {[%emt 0:00:04]} Rc5 {[%emt 0:00:22]} 37. Ra4 {[%emt 0:00:22]} a5 {[%emt 0:00:09]} 38. Rh4 {[%emt 0:00:32]} h5 {[%emt 0:00:07]} 39. g4 {[%emt 0:00:08]} hxg4 {[%emt 0:00:17]} 40. Rxg4 {[%emt 0:00:01]} Rh5 {[%emt 0:01:37]} 41. h4 {[%emt 0:00:33]} b5 {[%emt 0:00:19]} 42. Ke3 {[%emt 0:01:18]} Ke5 {[%emt 0:00:40]} 43. Rg5+ {[%emt 0:00:49]} Rxg5 {[%emt 0:00:02]} 44. hxg5 {[%emt 0:00:01]} Kf5 {[%emt 0:00:03]} 45. f4 {[%emt 0:00:01]} b4 {[%emt 0:00:53]} 46. Kd4 {[%emt 0:00:53]} a4 {[%emt 0:00:04]} 47. Kc4 {[%emt 0:00:46]} b3 {[%emt 0:00:02]} 48. axb3 {[%emt 0:00:01]} axb3 {[%emt 0:00:01]} 49. Kxb3 {[%emt 0:00:01]} e5 {[%emt 0:00:02]} 50. g6 {[%emt 0:00:56]} Kxg6 {[%emt 0:00:02]} 51. fxe5 {[%emt 0:00:01]} Kf5 {[%emt 0:00:01]} 52. Kc4 {[%emt 0:00:01]} Kxe5 {[%emt 0:00:01]} 1/2-1/2